000 01186nam0a22002771 4500
001 RU\NLR\INFOCOMM_196\5000023826
005 20250613093050.0
035 _a(NLR Aleph) 009189567
090 _a8621905
_c8621905
100 _a20100331d1969 |||y0rusy50 ca
101 0 _aeng
102 _aRU
105 _ay ||||000|y
200 1 _aPatentability of proposals relating to methods of producing novel chemical compounds
_eReport to be read at "Inventive activity and scientific and technical progress" section
_fL. Chervova ...
_gScientific symposium "Inventive activity and scientific and technical progress. Problems of patent information retrieval". Moscow, July 1969
210 _a[М.
_d[1969]
215 _a27 с.
_d20 см
309 _aОтпечат. множит. аппаратом
686 _aХ-190[Г23-4]
_2rubbk
700 1 _9z01790
_aČervova
_bL.
_4070
712 1 2 _a"Inventive activity and scientific and technical progress. Problems of patent information retrieval", scientific symposium
_eMoscow
_f1969
_4570
790 1 _9z01700
_aChervova
_bL.
_4070
801 1 _aRU
_bNLR
_c20100331
801 0 _aRU
_bNLR
_gPSBO
852 _aNLR
_jХ01 Д-4/8
942 _cBOOK
980 _aNB